|
|
|
|
| LEADER |
00995nam a22002297a 4500 |
| 001 |
39258 |
| 003 |
BD-DhAAL |
| 008 |
220802t1986 bg a|||| |||| 00| 0 eng d |
| 999 |
|
|
|c 44717
|d 44717
|
| 082 |
|
|
|a 330.95492
|
| 245 |
|
|
|a Industry in Bangladesh /
|c edited by Mizanur Rahman Shelley
|
| 260 |
|
|
|a Dhaka :
|b Ministry of Industries, Government of the People's Republic of Bangladesh,
|c 1986.
|
| 300 |
|
|
|a 174 pages ;
|c 24 cm.
|
| 541 |
|
|
|a Donated By Akbar Ali Khan
|e 39258
|
| 650 |
|
|
|a Industries
|z Bangladesh.
|9 50517
|
| 650 |
|
|
|a Economics.
|9 50518
|
| 651 |
|
|
|a Bangladesh
|x Economic conditions.
|9 50519
|
| 700 |
|
|
|a Shelley, Mizanur Rahman
|9 50520
|
| 710 |
|
|
|a Government of the People's Republic of Bangladesh,
|b Ministry of Industries
|9 50521
|
| 852 |
|
|
|a Ayesha Abed Library
|c Akbar Ali Khan Collection
|
| 942 |
|
|
|2 ddc
|c BK
|
| 952 |
|
|
|0 0
|1 0
|2 ddc
|4 0
|6 330_954920000000000_IND
|7 1
|9 71430
|a BRACUL
|b BRACUL
|c AAKC
|d 2022-08-02
|e Donated by Akbar Ali Khan
|l 0
|o 330.95492 IND
|p 3010039258
|r 2022-08-02
|t 1
|w 2022-08-02
|y BK
|